000 00797nam a2200241Ia 4500
003 OSt
005 20220923211202.0
006 a|||||r|||| 00| 0
007 ta
008 220922b |||||||| |||| 00| 0 pan d
020 _a8189284517 (hbk)
_c150
024 _a243,759
037 _b329, 08/10/2010, H.K. Prakashan
_cTextual
040 _aARTS
_cARTS
_bpan
041 _2pan
_apan
082 _aQ8441:g(R), 153P7
100 _aਦੀਵਾਨ ਸਿੰਘ
_9156324
245 0 _aਸਿਖ ਪਰਮ ਵਿਚ ਭਗਤੀ ਅਤੇ Fਕਤੀ
260 _aਅੰਮ੍ਰਿਤਸਰ
_b ਰੂਹੀ
_c2007
300 _a128ਪੰ
_ccm.
942 _hQ8441:g(R), 153P7
_cTEXL
_2CC
999 _c296507
_d296507